00473nam a2200145Ia 4500008004100000041000800041082001200049100001600061245003700077260003300114300002500147365001100172999001700183952012700200240624s9999 xx 000 0 und d aeng a340 FIE aFIELD S C D aLAW OF EVIDENCE ACT NO 1 OF 1872 c2008aDelhibDelhi Law House a1539 : p. : cm. ; 24 cRSb15 c15351d15351 00104070aIMTNbIMTNcRack 14-Bd2010-07-14eSLHg1595.00n32767o340 FIEp15351r2024-06-24 00:00:00t1w2024-06-24yBK